• 首页
  • 本馆介绍
  • 公告通知
  • 最新文献
  • 馆藏检索
  • 电子资源
  • 读者导购
  • 参考咨询
  • 我的图书馆
  • 登录
  • 详细信息显示
  • 放入我的书架
  • 预约/预借图书
  • 作者相关作品
  • 分类相关作品
  • 丛书相关作品
  • 出版社相关作品

书目信息

  • 表格格式
  • 工作单格式
  • 卡片格式
题名:
深水天然气水合物钻探取样关键技术初探
    
 
作者: 许俊良 著
分册:  
出版信息: 北京   石油工业出版社  2014
页数: 207页
开本: 26cm
丛书名:
单 册:
中图分类: P618.130.8
科图分类:
主题词: 天然气水合物--tian ran qi shui he wu--钻探--采样--研究
电子资源:
ISBN: 978-7-5021-9725-4
000 01133nam0 2200277 450
001 012001001223
005 20131107163349.0
010    @a978-7-5021-9725-4@dCNY90.00
099    @aCAL 012014090646
100    @a20140605d2014 em y0chiy50 ea
101 0  @achi
102    @aCN@b110000
105    @aak a 000yy
106    @ar
200 1  @a深水天然气水合物钻探取样关键技术初探@Ashen shui tian ran qi shui he wu zuan tan qu yang guan jian ji shu chu tan@f许俊良 ... [等] 著
210    @a北京@c石油工业出版社@d2014
215    @a207页@c图 (部分彩图)@d26cm
312    @a英文并列题名取自封面
320    @a有书目 (第203-207页)
330    @a本书主要介绍了天然气水合物钻探取样的必要设备的研制过程与相关理论基础,具体包括海上绳索取样工具、海上天然气水合物保温保压筒、取样钻头及配套设备、实验检测与结果分析等内容。
510 1  @aPrimary research on key technology for deepwater gas hydrates drilling and sampling@zeng
606 0  @a天然气水合物@Atian ran qi shui he wu@x钻探@x采样@x研究
690    @aP618.130.8@v5
701  0 @a许俊良@Axu jun liang@4著
801  0 @aCN@b北京卓展@c20191020
905    @b1197785-8@dP618.130.8@e110@f4
    
    深水天然气水合物钻探取样关键技术初探/许俊良 ... [等] 著.-北京:石油工业出版社,2014
    207页:图 (部分彩图);26cm
    
    
    ISBN 978-7-5021-9725-4:CNY90.00
    本书主要介绍了天然气水合物钻探取样的必要设备的研制过程与相关理论基础,具体包括海上绳索取样工具、海上天然气水合物保温保压筒、取样钻头及配套设备、实验检测与结果分析等内容。
●
相关链接 在E读中查询图书 在五车中查询图书 在当当中查询图书 在豆瓣中查询图书


正题名:深水天然气水合物钻探取样关键技术初探     索取号:P618.130.8/110         预约/预借

序号 登录号 条形码 馆藏地/架位号 状态 备注
1 1197785   211977850   第二样本阅览室/ [索取号:P618.130.8/110] 在馆    
2 1197786   211977869   第三借阅区/ [索取号:P618.130.8/110] 在馆    
3 1197787   211977878   第三借阅区/ [索取号:P618.130.8/110] 在馆    
4 1197788   211977887   第三借阅区/ [索取号:P618.130.8/110] 在馆    
唐山师范学院图书馆 欢迎您!
大连网信软件有限公司© 版权所有